Normal view MARC view

Entry Términos de género/forma

Number of records used in: 1

001 - NÚMERO DE CONTROL

  • campo de control: 30126

003 - IDENTIFICADOR DEL NÚMERO DE CONTROL

  • campo de control: FranzMayer

005 - FECHA Y HORA DE LA ÚLTIMA TRANSACCIÓN

  • campo de control: 20260324174245.0

008 - DATOS DE LONGITUD FIJA

  • campo de control de longitud fija: 260324|| aca||aabn | a|a d

040 ## - FUENTE DE LA CATALOGACIÓN

  • Centro catalogador/agencia de origen: FranzMayer
  • Centro/agencia transcriptor: FranzMayer

155 ## - ENCABEZAMIENTO--TÉRMINO DE GÉNERO/FORMA

  • Término de género/forma: Incunabula
  • Subdivisión cronológica: 1489
  • Subdivisión geográfica: France
  • Subdivisión geográfica: Strasbourg

670 ## - FUENTE DE DATOS ENCONTRADOS

  • Cita de la fuente: Work cat.: (FranzMayer)11106: Boneventure, Saint, Cardenal (1221-1274) 30122, Sancti Bonauēnture tractatus & librí plurimi /, 1489